Truyền số liệu và mạng thông tin số /
Tài liệu này cung cấp một phần trong lượng kiến thức chuyên ngành cho sinh viên ngành Điện tử - Viễn thông về bản chất môi trường truyền, tác dụng của nhiễu, các loại tín hiệu truyền, các nghi thức truyền và kết nối mạng....
Sparad:
| Huvudupphovsman: | |
|---|---|
| Materialtyp: | Bok |
| Språk: | Vietnamese |
| Publicerad: |
Tp.HCM :
Đại học Quốc gia TP. HCM ,
2005
|
| Upplaga: | In lần thứ 1 |
| Ämnen: | |
| Taggar: |
Lägg till en tagg
Inga taggar, Lägg till första taggen!
|
| Thư viện lưu trữ: | Thư viện Trường CĐ Kỹ Thuật Cao Thắng |
|---|
| LEADER | 01378nam a2200253 a 4500 | ||
|---|---|---|---|
| 001 | TVCDKTCT2609 | ||
| 003 | Thư viện trường Cao đẳng Kỹ thuật Cao Thắng | ||
| 005 | 20170602095915.6 | ||
| 008 | 050819 | ||
| 980 | \ | \ | |a Thư viện Trường CĐ Kỹ Thuật Cao Thắng |
| 024 | |a RG_1 #1 eb0 i1 | ||
| 041 | 0 | # | |a vie |
| 082 | # | # | |a 621.38 / |b TR121S-t |
| 100 | 1 | # | |a Trần Văn Sư |
| 245 | 0 | 0 | |a Truyền số liệu và mạng thông tin số / |c Trần Văn Sư |
| 250 | # | # | |a In lần thứ 1 |
| 260 | # | # | |a Tp.HCM : |b Đại học Quốc gia TP. HCM , |c 2005 |
| 300 | # | # | |a 490tr. ; |c 24cm |
| 520 | # | # | |a Tài liệu này cung cấp một phần trong lượng kiến thức chuyên ngành cho sinh viên ngành Điện tử - Viễn thông về bản chất môi trường truyền, tác dụng của nhiễu, các loại tín hiệu truyền, các nghi thức truyền và kết nối mạng. |
| 650 | # | 4 | |a Điện tử |
| 650 | # | 4 | |a Thông tin dữ liệu--Mạng cục bộ--Truyền dẫn số--Cấu trúc thông tin máy tính |
| 721 | # | # | |a CNKT Điện |
| 721 | # | # | |a CNKT Điện tử |
| 841 | # | # | |b Kho Sách |j 100009873, 100009881, 100009882, 100009897, 100009899, 100009901, 100009914, 100009915, 100009918, 100009919, 100015787, 100015788 |